| 000 | 00700nam a22002297a 4500 | ||
|---|---|---|---|
| 005 | 20151009142801.0 | ||
| 008 | 151009b xxu||||| |||| 00| 0 eng d | ||
| 020 |
_a9780415584159 _c695 |
||
| 040 | _aLoreto College | ||
| 041 | _aEnglish | ||
| 082 |
_a371.102 _bENG-HAL |
||
| 100 | _aHall, Graham | ||
| 245 |
_aExploring English language teaching _bLanguage in action _cGraham Hall |
||
| 260 |
_aOxon _bRouteledge _c2011 |
||
| 300 |
_axiii,282p _b24 cm |
||
| 440 | _aRoutledge Introductions to Applied Linguistics | ||
| 504 | _aIncludes references and index | ||
| 650 |
_aEnglish Language _vStudy and Teaching |
||
| 650 |
_aEnglish Teachers _vTeaching Methods |
||
| 850 | _aLCBED | ||
| 942 | _cBK | ||
| 999 |
_c40128 _d90607 |
||